Programming Microsoft Windows With C # (Record no. 315762)

MARC details
000 -LEADER
fixed length control field 00401nam a2200157Ia 4500
008 - FIXED-LENGTH DATA ELEMENTS--GENERAL INFORMATION
fixed length control field 230718s9999 xx 000 0 und d
041 ## - LANGUAGE CODE
Language code of text/sound track or separate title eng
082 ## - DEWEY DECIMAL CLASSIFICATION NUMBER
Classification number 005.2684
Item number PET
100 ## - MAIN ENTRY--PERSONAL NAME
Personal name Petzold C.
245 ## - TITLE STATEMENT
Title Programming Microsoft Windows With C #
260 ## - PUBLICATION, DISTRIBUTION, ETC. (IMPRINT)
Date of publication, distribution, etc. 2002
Name of publisher, distributor, etc. Microsoft Press
300 ## - PHYSICAL DESCRIPTION
Extent 1290
365 ## - TRADE PRICE
Currency code Rs.
Price amount 595.00
700 ## - ADDED ENTRY--PERSONAL NAME
Personal name Petzold C.
906 ## - LOCAL DATA ELEMENT F, LDF (RLIN)
d B:116221-Nov-2006
c COMP
b 119
Holdings
Withdrawn status Lost status Damaged status Not for loan Home library Current library Date acquired Vendor Budget Code Cost, normal purchase price Bill number Total Checkouts Full call number Barcode Date last seen Discount Cost, replacement price Bill Date Koha item type Original Barcode
        Cummins College of Engineering for Women Pune Cummins College of Engineering for Women Pune 01/10/2007 Goels Computer Hut COMP 476.00 1162   005.2684 CCEP-BK-26969 18/07/2023 119 595.00 21/11/2006 Books 026969